El Cardener : Català - Français : Català - Français
Descripción Física:
1 f. plegat : il. col., fot., map. ; 26 x 20 cm (52 x 80 cm despleg.)
Colección:
Turisme Total
MARC
| LEADER | 00000nam a2200000Ia 4500 | ||
|---|---|---|---|
| 001 | 18084 | ||
| 008 | 160829s2004 xx 000 0 cat d | ||
| 710 | 1 | |a Barcelona (Catalunya : Província). |b Diputació |9 52408 | |
| 952 | |0 0 |1 0 |4 0 |6 FU4736 |7 1 |9 48959 |a Arxiu |b Arxiu |d 2016-12-01 |l 0 |o FU-47-36 |p 18084 |r 2016-12-01 00:00:00 |w 2016-12-01 |y ARXIU | ||
| 952 | |0 0 |1 0 |4 0 |5 0 |6 OTT_F00202102004 |7 1 |8 Paper |9 59093 |a TURISME |b TURISME |d 2018-07-26 |l 0 |o OTT F.002.02-10(2004) |p TURISME18070687 |r 2018-07-26 00:00:00 |t 1 |w 2018-07-26 |y TRIPTIC-F | ||
| 952 | |0 0 |1 0 |4 0 |5 0 |6 OTT_F00202112004 |7 1 |8 Paper |9 59094 |a TURISME |b TURISME |d 2018-07-26 |l 0 |o OTT F.002.02-11(2004) |p TURISME18070688 |r 2018-07-26 00:00:00 |t 2 |w 2018-07-26 |y TRIPTIC-F | ||
| 952 | |0 0 |1 0 |4 0 |5 0 |6 OTT_F00202122004 |7 1 |8 Paper |9 59095 |a TURISME |b TURISME |d 2018-07-26 |l 0 |o OTT F.002.02-12(2004) |p TURISME18070689 |r 2018-07-26 00:00:00 |t 3 |w 2018-07-26 |y TRIPTIC-F | ||
| 952 | |0 0 |1 0 |4 0 |5 0 |6 OTT_F00202132004 |7 1 |8 Paper |9 59096 |a TURISME |b TURISME |d 2018-07-26 |l 0 |o OTT F.002.02-13(2004) |p TURISME18070690 |r 2018-07-26 00:00:00 |t 4 |w 2018-07-26 |y TRIPTIC-F | ||
| 999 | |c 52794 |d 52794 | ||
| 080 | |a FU-47-36 | ||
| 245 | 1 | 3 | |a El Cardener |b : Català - Français |
| 260 | |a Barcelona : |b Diputació de Barcelona. Xarxa de Municipis, |c DL 2004 | ||
| 300 | |a 1 f. plegat : |b il. col., fot., map. ; |c 26 x 20 cm (52 x 80 cm despleg.) | ||
| 490 | 1 | |a Turisme Total | |
| 590 | |a Conté un mapa de la zona. | ||
| 590 | |a A la portada: Turisme Total. | ||
| 590 | |a Text bilingüe en català i francès. | ||
| 650 | |a Cardener, El |x Guies |9 39340 | ||
| 650 | 0 | |a Turisme |z Barcelona (Província) |v Guies |9 31526 | |
| 651 | 0 | |9 50954 |a Cardener (Regió turística) | |
| 651 | 0 | |a Barcelona (Catalunya : Província) |9 50918 | |
| 830 | |a Turisme Total |9 51395 | ||
| 901 | |a Arxiu | ||
| 942 | |n 1 |c TRIPTIC-F | ||